000
00265nam a2200109Ia 4500
008
230907s9999||||xx |||||||||||||| ||und||
082
_a
621.367
_b
GON
245
0
_a
Digital image processing /
260
_a
Pearson,
_b
Noida :
_c
2018
300
_a
1019 p.
942
_c
BK
999
_c
600503
_d
600503